Ciudadanía y derechos humanos : (Registro nro. 3442)
[ vista simple ]
| 000 -CABECERA | |
|---|---|
| campo de control de longitud fija | 00964nam a2200229 a 4500 |
| 001 - NÚMERO DE CONTROL | |
| campo de control | 000003619 |
| 005 - FECHA Y HORA DE LA ÚLTIMA TRANSACCIÓN | |
| campo de control | 20200929150514.0 |
| 008 - DATOS DE LONGITUD FIJA--INFORMACIÓN GENERAL | |
| campo de control de longitud fija | 090711s2007 bo 000 0 spa d |
| 040 ## - FUENTE DE LA CATALOGACIÓN | |
| Centro catalogador/agencia de origen | DO-SdBNP |
| Lengua de catalogación | spa |
| Centro/agencia transcriptor | BNPHU |
| 082 ## - NÚMERO DE LA CLASIFICACIÓN DECIMAL DEWEY | |
| Número de clasificación | 323.6097293 |
| Número de documento/Ítem | C581 |
| 245 00 - MENCIÓN DE TÍTULO | |
| Título | Ciudadanía y derechos humanos : |
| Resto del título | desafíos para la educación. |
| 260 ## - PUBLICACIÓN, DISTRIBUCIÓN, ETC. | |
| Lugar de publicación, distribución, etc. | Bolivia : Brasil : |
| Nombre del editor, distribuidor, etc. | Yachay Tinkuy : Novamerica, |
| Fecha de publicación, distribución, etc. | 2007. |
| 300 ## - DESCRIPCIÓN FÍSICA | |
| Extensión | 190 p. ; |
| Dimensiones | 22 cm. |
| 500 ## - NOTA GENERAL | |
| Nota general | Incluye notas al píe de páginas |
| 504 ## - NOTA DE BIBLIOGRAFÍA, ETC. | |
| Nota de bibliografía, etc. | Incluye referencias bibliográficas (P. 189-190) |
| 650 #4 - PUNTO DE ACCESO ADICIONAL DE MATERIA--TÉRMINO DE MATERIA | |
| Término de materia o nombre geográfico como elemento de entrada | Ciudadanía |
| Subdivisión general | Estudio y enseñanza |
| Subdivisión geográfica | Bolivia |
| 9 (RLIN) | 11126 |
| 650 #4 - PUNTO DE ACCESO ADICIONAL DE MATERIA--TÉRMINO DE MATERIA | |
| Término de materia o nombre geográfico como elemento de entrada | Ciudadanía |
| Subdivisión general | Estudio y enseñanza |
| Subdivisión geográfica | Brasil |
| 9 (RLIN) | 11127 |
| 650 #4 - PUNTO DE ACCESO ADICIONAL DE MATERIA--TÉRMINO DE MATERIA | |
| Término de materia o nombre geográfico como elemento de entrada | Ciudadanía |
| Subdivisión general | Estudio y enseñanza |
| Subdivisión geográfica | República Dominicana |
| 9 (RLIN) | 11128 |
| 650 #4 - PUNTO DE ACCESO ADICIONAL DE MATERIA--TÉRMINO DE MATERIA | |
| Término de materia o nombre geográfico como elemento de entrada | Derechos humanos |
| Subdivisión general | Estudio y enseñanza |
| Subdivisión geográfica | Bolivia |
| 9 (RLIN) | 11129 |
| 650 #4 - PUNTO DE ACCESO ADICIONAL DE MATERIA--TÉRMINO DE MATERIA | |
| Término de materia o nombre geográfico como elemento de entrada | Derechos humanos |
| Subdivisión general | Estudio y enseñanza |
| Subdivisión geográfica | Brasil |
| 9 (RLIN) | 11130 |
| 650 #4 - PUNTO DE ACCESO ADICIONAL DE MATERIA--TÉRMINO DE MATERIA | |
| Término de materia o nombre geográfico como elemento de entrada | Derechos humanos |
| Subdivisión general | Estudio y enseñanza |
| Subdivisión geográfica | República Dominicana |
| 9 (RLIN) | 11131 |
| Estado de retiro | Estado de pérdida | Restricciones de uso | No para préstamo | Código de colección | Localización permanente | Ubicación/localización actual | Ubicación en estantería | Fecha de adquisición | Número de inventario | Total de préstamos | Signatura topográfica completa | Código de barras | Fecha visto por última vez | Precio válido a partir de | Tipo de ítem Koha | Número de copia |
|---|---|---|---|---|---|---|---|---|---|---|---|---|---|---|---|---|
| Excluido de préstamo | Monografías: Libros y Folletos | Patrimonio Dominicano | Patrimonio Dominicano | En catalogación | 11.07.2009 | LF1 | 323.6097293 C581 | 3619-10 | 25.06.2020 | 25.06.2020 | No se presta | |||||
| Excluido de préstamo | Monografías: Libros y Folletos | Patrimonio Dominicano | Patrimonio Dominicano | En catalogación | 11.07.2009 | LF1 | 323.6097293 C581 | 3619-20 | 25.06.2020 | 25.06.2020 | No se presta | e.2 |
